|
|
|
|
| LEADER |
00000nam a2200000 a 4500 |
| 001 |
vtls001519607 |
| 003 |
SK-MaSNL |
| 005 |
20260302073910.0 |
| 008 |
240314s2005 xo g 000 f slo |
| 015 |
|
|
|a SNBA2005/04-01267
|
| 020 |
|
|
|a 8055109788
|q (brož.)
|
| 035 |
|
|
|a C513AE1D-9B28-4BE6-9395-ABB2B56E45DB
|
| 035 |
|
|
|a urn:nbn:sk:snk-amjduo
|
| 035 |
|
|
|a urn:nbn:sk:snk-am000wxz
|
| 040 |
|
|
|a SNK
|b slo
|c SNK
|e AACR2
|
| 041 |
1 |
|
|a slo
|h eng
|
| 044 |
|
|
|a xo
|c SK
|
| 072 |
|
7 |
|a 821.111(73)-3
|x Americká próza
|2 konspekt
|
| 080 |
|
|
|a (0:82-312.5)
|2 1997
|
| 080 |
|
|
|a 821.111(73)-31
|2 1997
|
| 100 |
1 |
|
|a Quick, Amanda,
|d 1948-
|4 aut
|9 86058
|
| 240 |
1 |
0 |
|a Affair
|l Slovensky
|
| 245 |
1 |
0 |
|a Ľúbostný románik
|c Amanda Quicková; [z anglického originálu preložila Anna Ilčíková; verše prebásnila Jana Kantorová-Báliková]
|
| 250 |
|
|
|a [1. vyd.]
|
| 260 |
|
|
|a Bratislava
|b Ikar
|c 2005
|
| 300 |
|
|
|a 320 s.
|c 18 cm
|
| 655 |
|
7 |
|a americké romány
|2 SNKPH
|9 1174
|
| 655 |
|
7 |
|a ľúbostné romány
|2 SNKPH
|9 70497
|
| 700 |
1 |
|
|a Ilčíková, Anna,
|d 1952-
|4 trl
|9 106612
|
| 700 |
1 |
|
|a Kantorová-Báliková, Jana,
|d 1951-
|4 trl
|9 160814
|
| 919 |
|
|
|a 80-551-0978-8
|
| 968 |
|
|
|b ENG
|d 821
|
| 999 |
|
|
|c 1162780
|d 1164710
|
| 952 |
|
|
|a SNK
|b SNK
|y PREZ
|7 0
|p 17A0460801
|o snkSD 74618
|i snk2005/3891
|8 0
|0 0
|1 0
|4 0
|d 2005-03-14
|l 0
|r 2025-11-21 00:00:00
|w 2026-02-24
|
| 952 |
|
|
|a SNK
|b SNK
|y PREZ
|7 0
|p 17A0460805
|o snkSD 74618 D1
|i snk2005/3892
|8 0
|0 0
|1 0
|4 0
|d 2005-03-14
|l 0
|r 2017-06-30 00:00:00
|w 2026-02-24
|